[Event "POL-chT 1st League"]
[Site "Jarnoltowek"]
[Date "2005.09.04"]
[Round "2.10"]
[White "Jasiak, Roman"]
[Black "Miroslaw, Michal"]
[Result "0-1"]
[WhiteElo "2000"]
[BlackElo "2226"]
[PlyCount "73"]
[EventDate "2005.09.03"]
[EventType "team-tourn"]
[EventRounds "9"]
[EventCountry "POL"]
[SourceTitle "EXT 2019"]
[Source "ChessBase"]
[SourceDate "2018.10.10"]
[SourceVersion "1"]
[SourceVersionDate "2018.10.10"]
[SourceQuality "1"]
[WhiteTeam "Lodz AZS Politechnika"]
[BlackTeam "Lublin Drakon SKOK Chmielewskiego"]
[WhiteTeamCountry "POL"]
[BlackTeamCountry "POL"]

1. d4 d5 2. c4 e6 3. Nc3 Nf6 4. Bg5 Nbd7 5. Nf3 Be7 6. e3 0-0 7. Rc1 c6 8. Bd3 Re8 9. 0-0 a6 10. Qc2 h6 11. Bh4 dxc4 12. Bxc4 b5 13. Be2 Bb7 14. Rfd1 Rc8 15. Ne5 Nxe5 16. dxe5 Nd5 17. Bxe7 Qxe7 18. Ne4 Rc7 19. Nd6 Rb8 20. Qc5 Ba8 21. Bf3 Rd7 22. Ne4 Qd8 23. Rd3 Qc7 24. Nd6 Qd8 25. e4 Nf4 26. Rd2 Qg5 27. Qd4 Rbd8 28. Rc5 Ng6 29. g3 Nxe5 30. Rxe5 Rxd6 31. Rxg5 Rxd4 32. Rxd4 Rxd4 33. Rc5 Rd2 34. a3 Rxb2 35. Rc3 e5 36. Bg4 Kh7 37. Bc8 0-1